Defensa eclesiástica en el obispado de Michoacán desde fines de 1855 hasta principios de 1858

Detalles Bibliográficos
Autor principal: MUNGUIA, Clemente de Jesús
Formato: Libro
Publicado: México 1858
Materias:
Colección:Banco de datos
Acervo:Biblioteca Nacional de Antropología e Historia. Fondo Conventual
Descripción Física:t. I
Tema general:Apologética
Notas:Regular. XVII, 3, 7. Ex libris en sello de la Biblioteca del Museo Nacional.
LEADER 00791nam a22002050004500
035 |a 17789 
036 |a 5335 
100 1 |a MUNGUIA, Clemente de Jesús 
245 1 0 |a Defensa eclesiástica en el obispado de Michoacán desde fines de 1855 hasta principios de 1858 
260 |a México  |b Vicente Segura  |c 1858 
300 |a t. I 
500 |a Regular. XVII, 3, 7. Ex libris en sello de la Biblioteca del Museo Nacional. 
650 1 0 |a Apologética 
949 |a B.N.A.H. 
959 |a Biblioteca Nacional de Antropología e Historia. Ciudad de México  |b CCC1 
960 |a Colección General de B.N.A.H. de la ciudad de México  |b DD58 
961 |a Varias Ordenes Religiosas  |b VO 
942 |c B.N.A.H. 
943 |g Biblioteca Nacional de Antropología e Historia. Fondo Conventual 
999 |c 1042321  |d 1042321